| 000 | 01898nam a2200217Ia 4500 | ||
|---|---|---|---|
| 003 | Ost | ||
| 005 | 20260507074943.0 | ||
| 008 | 260507s9999||||xx |||||||||||||| ||und|| | ||
| 040 | _cfsecg | ||
| 041 | _aara | ||
| 082 | _a338.91 | ||
| 100 |
_aيونس، محمود _eمؤلف |
||
| 245 | 0 |
_aاقتصاديات دولية / _c محمود يونس |
|
| 260 |
_aالاسكندرية: _bالدار الجامعية, _c2007 |
||
| 300 |
_a415 صفحة؛ _c24 سم |
||
| 520 | _aمقدمة-الجزء الأول : النظرية البحتة للتجارة الدولية : الفصل الأول : ماهية التجارة الدولية : الفصل الثانى : النظرية الكلاسيكية فى التجارة الدولية : الفصل الثالث : النظرية الحديثة فى التجارة الدولية : الفصل الرابع : معدلات التبادل واتجاهاتها طويلة الاجل-الجزء الثانى : سياسة التجارة الخارجية : الفصل الخامس : الرسوم والضرائب الجمركية وتظام الحصص : الفصل السادس : التكامل الاقتصادى-الجزء الثالث : ميزان المدفوعات والصرف الاجنبى : الفصل السابع : ميزان المدفوعات الدولية : الفصل الثامن : الصرف الاجنبى : الفصل التاسع : الاحتلال والتوازن فى ميزان المدفوعات-الجزء الرابع : النظام التقليدى الدولى واهم المنظمات الاقتصادية الدولية : الفصل العاشر : النظام النقدى الدولى : الفصل الحادى عشر : اهم المنظمات الاقتصادية الدولية. | ||
| 653 | _aاقتصاد دولي | ||
| 653 | _aتجارة دولية | ||
| 653 | _aميزان المدفوعات | ||
| 942 | _cكتاب | ||
| 999 |
_c41948 _d41948 |
||